| 000 | 00379nam a22001217a 4500 | ||
|---|---|---|---|
| 999 |
_c557 _d557 |
||
| 005 | 20200815121252.0 | ||
| 008 | 200815b ||||| |||| 00| 0 eng d | ||
| 020 | _a094380 | ||
| 040 | _cCML | ||
| 245 |
_aReading in the Applied Economics of Africa. _cWhetham, E.H. |
||
| 260 |
_aLondon _bCambridge University Press _c1967 |
||
| 942 |
_2ddc _cBK _e1st Edition _h330.96 _mWHE |
||